000 00709nam a2200289Ia 4500
005 20260324133113.0
008 008 260324s9999 xx 000 0 eng d
020 _a9781315810713
037 _aEBOOK
040 _aCRL
040 _beng
040 _cCRL
041 _2eng
041 _aeng
084 _qCRL
100 _aEric W. Sievers
_91191812
245 4 _aThe Post-Soviet Decline of Central Asia
245 0 _bSustainable Development and Comprehensive Capital
260 _bTaylor and Francis
260 _c2003
365 _a
365 _b230
856 _uhttp://www.taylorfrancis.com/books/9781315810713
942 _cEBOOK
999 _c1790558
_d1790558